000 00315nam a22001337a 4500
020 _a978-019-567698-3
082 _a030
_bKLI/O
100 _aELLIOT, JULIA
245 _aOXFORD DICTIONARY & THESAURUS
260 _aDELHI
_bOXFORD UNIVERSITY PRESS
_c2001
300 _a932
650 _aDICTIONARY
_zINDIA
942 _cBK
999 _c2015
_d2015